| 000 | 00566nam a2200193Ia 4500 | ||
|---|---|---|---|
| 005 | 20250508163224.0 | ||
| 008 | 008 250505s9999 xx 000 0 eng d | ||
| 037 | _aTextual | ||
| 040 |
_aFEDL _beng _cFEDL |
||
| 041 |
_aeng _2eng |
||
| 084 |
_a370.1, DUP _qFEDL |
||
| 100 |
_aDupuis Adrian M. _9774935 |
||
| 245 | 0 | _aPhilosophy of education in historical perspective | |
| 260 |
_aNew Delhi, India _bThomson Press Limited _c1972 |
||
| 300 | _a308p. | ||
| 650 | _aEducation - Philosophy | ||
| 942 |
_cTEXL _h370.1, DUP |
||
| 999 |
_c1381604 _d1381604 |
||